Statistics for Actors by Film #3

Click here to take the quiz!

General Stats

  • This quiz has been taken 34 times
  • The average score is 9 of 20

Answer Stats

FilmFilmFilmActor/Actress% Correct
The GodfatherScarfaceHeatAl Pacino
84%
The Silence of the LambsThorMission: Impossible IIAnthony Hopkins
78%
Star WarsLeonBlack SwanNatalie Portman
78%
Kill BillPulp FictionBatman & RobinUma Thurman
75%
The Silence of the LambsTaxi DriverInside ManJodie Foster
72%
Guardians of the GalaxyJurassic WorldThe Lego MovieChris Pratt
66%
Basic InstinctCasinoTotal RecallSharon Stone
66%
The AvengersThe PrestigeLost in TranslationScarlett Johansson
63%
We're the MillersOffice SpaceMarley & MeJennifer Aniston
56%
Fifty Shades of Grey21 Jump StreetThe Social NetworkDakota Johnson
50%
Harry PotterHookDownton AbbeyMaggie Smith
50%
The French ConnectionUnforgivenSupermanGene Hackman
47%
Into the WildMystic RiverThe GameSean Penn
44%
L.A. ConfidentialGladiatorLes MisérablesRussel Crowe
38%
Planes, Trains & AutomobilesHome AloneThe Blues BrothersJohn Candy
31%
The Chronicles of NarniaSnowpiercerDoctor StrangeTilda Swinton
19%
Percy Jackson & the Lightning ThiefBaywatchSan AndreasAlexandra Daddario
9%
Beauty and the BeastFrozenPixelsJosh Gad
9%
Star WarsDriveDuneOscar Isaac
6%
Million Dollar BabyAnt-ManThe MartianMichael Peña
3%

Score Distribution

Percentile by Number Answered

Percent of People with Each Score

Your Score History

You have not taken this quiz